000 00610nam a2200229Ia 4500
003 OSt
005 20220924135507.0
006 a|||||r|||| 00| 0
007 ta
008 220923b |||||||| |||| 00| 0 ben d
024 _a291361
037 _cTextual
040 _aARTS
_cARTS
_bben
041 _2ben
_aben
082 _aO1570aR33, M8
100 _aSundaram Kalyan
_9210380
245 0 _aBangla sahitye bostubader kramabikash
_b Book of essays
260 _c1988
650 _aBENGALI LITERATURE
942 _hO1570aR33, M8
_cTEXL
_2CC
999 _c440859
_d440859